[Event "Moscow-ch Women 2021"]
[Site "Moscow"]
[Date "2021.03.25"]
[Round "1.1"]
[White "Charochkina, Daria"]
[Black "Ivanova, Anastasia S."]
[Result "1-0"]
[WhiteElo "2337"]
[BlackElo "1830"]
[Annotator "RC"]
[PlyCount "68"]
[EventDate "2021.03.25"]
[EventType "swiss"]
[EventCountry "RUS"]
[SourceTitle "playchess.com"]
[Source "ChessBase"]
[SourceQuality "1"]
[TimeControl "5400+30"]

1. d4 {[%emt 0:00:00]} Nf6 {[%emt 0:00:00]} 2. Nf3 {[%emt 0:00:00]} g6 {[%emt 0:00:00]} 3. g3 {[%emt 0:00:15]} Bg7 {[%emt 0:00:00]} 4. Bg2 {[%emt 0:00:11]} d6 {[%emt 0:00:00]} 5. O-O {[%emt 0:00:09]} O-O {[%emt 0:00:12]} 6. a4 {[%emt 0:02:19]} Nbd7 {[%emt 0:03:00]} 7. a5 {[%emt 0:17:04]} Rb8 {[%emt 0:11:41]} 8. Nc3 {[%emt 0:01:00]} c6 {[%emt 0:04:22]} 9. e4 {[%emt 0:29:46]} b6 {[%emt 0:18:24]} 10. Re1 {[%emt 0:07:57]} Ne8 {[%emt 0:08:35]} 11. e5 {[%emt 0:03:29]} Nc7 {[%emt 0:04:49]} 12. Bf4 {[%emt 0:11:26]} dxe5 {[%emt 0:09:30]} 13. Nxe5 {[%emt 0:00:10]} Nxe5 {[%emt 0:01:02]} 14. Bxe5 {[%emt 0:00:43]} Bxe5 {[%emt 0:08:32]} 15. Rxe5 {[%emt 0:00:05]} bxa5 {[%emt 0:07:16]} 16. Rexa5 {[%emt 0:00:05]} Rxb2 {[%emt 0:01:30]} 17. Bxc6 {[%emt 0:01:04]} Bf5 {[%emt 0:03:18]} 18. Be4 {[%emt 0:01:47]} Bxe4 {[%emt 0:00:53]} 19. Nxe4 {[%emt 0:00:05]} a6 {[%emt 0:09:32]} 20. Qd3 {[%emt 0:07:13]} Ne6 {[%emt 0:02:46]} 21. d5 {[%emt 0:01:28]} f5 {[%emt 0:02:13]} 22. Nd2 {[%emt 0:03:33]} Nc7 {[%emt 0:00:37]} 23. Nb3 {[%emt 0:01:57]} Nb5 {[%emt 0:02:27]} 24. Rxa6 {[%emt 0:01:43]} Qd7 {[%emt 0:00:50]} 25. Rb6 {[%emt 0:00:16]} Nd6 {[%emt 0:00:18]} 26. Nc5 {[%emt 0:02:51]} Qc7 {[%emt 0:00:42]} 27. Rc6 {[%emt 0:00:01]} Qb8 {[%emt 0:00:19]} 28. Nd7 {[%emt 0:00:48]} Rb1+ {[%emt 0:00:14]} 29. Kg2 {[%emt 0:01:04]} Qb2 {[%emt 0:00:52]} 30. Rxb1 {[%emt 0:00:16]} Qxb1 {[%emt 0:00:04]} 31. Nxf8 {[%emt 0:00:11]} Kxf8 {[%emt 0:00:03]} 32. Qc3 {[%emt 0:02:07]} Kg8 {[%emt 0:01:59]} 33. Qe5 {[%emt 0:00:05]} Qb7 {[%emt 0:00:00]} 34. c4 {[%emt 0:00:21]} Qa7 {[%emt 0:01:00]} 1-0

[Event "Moscow-ch Women 2021"]
[Site "Moscow"]
[Date "2021.03.25"]
[Round "1.2"]
[White "Antonova, Nadezhda"]
[Black "Dimitrova, Aleksandra"]
[Result "1-0"]
[WhiteElo "1877"]
[BlackElo "2275"]
[Annotator "RC"]
[PlyCount "109"]
[EventDate "2021.03.25"]
[EventType "swiss"]
[EventCountry "RUS"]
[SourceTitle "playchess.com"]
[Source "ChessBase"]
[SourceQuality "1"]
[TimeControl "5400+30"]

1. d4 {[%emt 0:00:00]} Nf6 {[%emt 0:00:00]} 2. Nf3 {[%emt 0:00:00]} e6 {[%emt 0:00:00]} 3. Nbd2 {[%emt 0:00:32]} d5 {[%emt 0:01:51]} 4. e3 {[%emt 0:00:12]} c5 {[%emt 0:03:31]} 5. c3 {[%emt 0:01:10]} Bd6 {[%emt 0:02:04]} 6. Bd3 {[%emt 0:00:17]} Nbd7 {[%emt 0:08:48]} 7. O-O {[%emt 0:03:46]} O-O {[%emt 0:01:52]} 8. Re1 {[%emt 0:12:40]} Qc7 {[%emt 0:03:52]} 9. Nf1 {[%emt 0:21:53]} e5 {[%emt 0:06:00]} 10. dxe5 {[%emt 0:03:55]} Nxe5 {[%emt 0:00:07]} 11. Nxe5 {[%emt 0:00:32]} Bxe5 {[%emt 0:00:04]} 12. c4 {[%emt 0:08:50]} dxc4 {[%emt 0:05:25]} 13. Bxc4 {[%emt 0:00:15]} b6 {[%emt 0:01:00]} 14. Qc2 {[%emt 0:05:54]} Bb7 {[%emt 0:01:25]} 15. f3 {[%emt 0:00:33]} Nd5 {[%emt 0:06:12]} 16. Bd2 {[%emt 0:08:39]} Rad8 {[%emt 0:06:05]} 17. Rad1 {[%emt 0:03:03]} a6 {[%emt 0:12:26]} 18. a3 {[%emt 0:12:36]} Ne7 {[%emt 0:07:20]} 19. Ba2 {[%emt 0:04:12]} b5 {[%emt 0:03:52]} 20. Rc1 {[%emt 0:03:46]} c4 {[%emt 0:03:54]} 21. b3 {[%emt 0:02:35]} c3 {[%emt 0:02:26]} 22. Bxc3 {[%emt 0:01:03]} Rc8 {[%emt 0:01:44]} 23. Bb1 {[%emt 0:00:06]} g6 {[%emt 0:02:22]} 24. Bxe5 {[%emt 0:00:22]} Qxe5 {[%emt 0:00:07]} 25. Qd2 {[%emt 0:02:09]} Nd5 {[%emt 0:20:03]} 26. Be4 {[%emt 0:02:01]} f5 {[%emt 0:00:00]} 27. Bxd5+ {[%emt 0:00:38]} Bxd5 {[%emt 0:00:00]} 28. Rxc8 {[%emt 0:01:18]} Rxc8 {[%emt 0:00:00]} 29. Rc1 {[%emt 0:00:00]} Rxc1 {[%emt 0:00:00]} 30. Qxc1 {[%emt 0:00:01]} Bxb3 {[%emt 0:00:00]} 31. Qc8+ {[%emt 0:00:18]} Kg7 {[%emt 0:00:00]} 32. Qxa6 {[%emt 0:00:42]} Qc5 {[%emt 0:00:00]} 33. Qa5 {[%emt 0:01:14]} Qc1 {[%emt 0:00:00]} 34. Qd2 {[%emt 0:01:06]} Qxa3 {[%emt 0:00:00]} 35. Qd7+ {[%emt 0:00:08]} Kg8 {[%emt 0:00:00]} 36. Qxb5 {[%emt 0:00:02]} Qa2 {[%emt 0:00:00]} 37. Qe8+ {[%emt 0:00:25]} Kg7 {[%emt 0:00:00]} 38. Qd7+ {[%emt 0:00:10]} Kg8 {[%emt 0:00:00]} 39. Qd2 {[%emt 0:00:15]} Qb1 {[%emt 0:00:00]} 40. Kf2 {[%emt 0:00:26]} Bf7 {[%emt 0:02:26]} 41. Ng3 {[%emt 0:01:08]} Qb6 {[%emt 0:00:13]} 42. Ne2 {[%emt 0:00:21]} Qc7 {[%emt 0:00:45]} 43. g3 {[%emt 0:00:19]} Bc4 {[%emt 0:00:55]} 44. Qc3 {[%emt 0:01:31]} Qf7 {[%emt 0:00:32]} 45. Nf4 {[%emt 0:00:18]} Ba6 {[%emt 0:01:11]} 46. Qb2 {[%emt 0:00:16]} Bc4 {[%emt 0:00:50]} 47. Qd2 {[%emt 0:00:54]} Kg7 {[%emt 0:00:42]} 48. h4 {[%emt 0:00:19]} h6 {[%emt 0:01:43]} 49. Ng2 {[%emt 0:00:51]} Bd5 {[%emt 0:00:59]} 50. Ne1 {[%emt 0:00:34]} Qb7 {[%emt 0:00:20]} 51. Qc3+ {[%emt 0:00:37]} Kh7 {[%emt 0:00:20]} 52. Qc2 {[%emt 0:00:23]} h5 {[%emt 0:01:09]} 53. Qe2 {[%emt 0:00:15]} Qb4 {[%emt 0:01:03]} 54. Nc2 {[%emt 0:00:22]} Bc4 {[%emt 0:00:35]} 55. Nxb4 {[%emt 0:00:05]} 1-0

[Event "Moscow-ch Women 2021"]
[Site "Moscow"]
[Date "2021.03.25"]
[Round "1.3"]
[White "Paramzina, Anastasya"]
[Black "Cherepanova, Evita"]
[Result "1/2-1/2"]
[WhiteElo "2252"]
[BlackElo "1621"]
[Annotator "RC"]
[PlyCount "182"]
[EventDate "2021.03.25"]
[EventType "swiss"]
[EventCountry "RUS"]
[SourceTitle "playchess.com"]
[Source "ChessBase"]
[SourceQuality "1"]
[TimeControl "5400+30"]

1. e4 {[%emt 0:00:00]} e6 {[%emt 0:00:00]} 2. d3 {[%emt 0:00:00]} d5 {[%emt 0:00:00]} 3. Nd2 {[%emt 0:00:00]} c5 {[%emt 0:00:01]} 4. Ngf3 {[%emt 0:00:14]} Nf6 {[%emt 0:00:24]} 5. g3 {[%emt 0:00:12]} Nc6 {[%emt 0:00:15]} 6. Bg2 {[%emt 0:00:06]} Be7 {[%emt 0:00:26]} 7. O-O {[%emt 0:00:08]} O-O {[%emt 0:00:07]} 8. Re1 {[%emt 0:00:35]} b5 {[%emt 0:02:43]} 9. a4 {[%emt 0:12:44]} b4 {[%emt 0:02:48]} 10. h4 {[%emt 0:01:36]} Nd7 {[%emt 0:09:39]} 11. exd5 {[%emt 0:05:17]} exd5 {[%emt 0:00:26]} 12. Nf1 {[%emt 0:00:06]} a5 {[%emt 0:03:23]} 13. Ne3 {[%emt 0:06:09]} Nb6 {[%emt 0:00:34]} 14. Ng5 {[%emt 0:13:12]} Nd4 {[%emt 0:10:44]} 15. Nh3 {[%emt 0:20:39]} Ne6 {[%emt 0:06:24]} 16. f4 {[%emt 0:02:51]} Bf6 {[%emt 0:01:53]} 17. f5 {[%emt 0:01:56]} Nd4 {[%emt 0:02:54]} 18. Rf1 {[%emt 0:00:40]} Ra7 {[%emt 0:02:25]} 19. c3 {[%emt 0:07:03]} bxc3 {[%emt 0:06:36]} 20. bxc3 {[%emt 0:00:07]} Nc6 {[%emt 0:00:08]} 21. Bd2 {[%emt 0:01:51]} Ne5 {[%emt 0:00:56]} 22. Nf4 {[%emt 0:12:02]} d4 {[%emt 0:02:20]} 23. Ned5 {[%emt 0:00:10]} Nxd5 {[%emt 0:00:12]} 24. Nxd5 {[%emt 0:00:12]} Nxd3 {[%emt 0:01:48]} 25. Nxf6+ {[%emt 0:00:16]} Qxf6 {[%emt 0:00:04]} 26. Bg5 {[%emt 0:01:15]} Qa6 {[%emt 0:00:10]} 27. f6 {[%emt 0:04:12]} Bb7 {[%emt 0:02:42]} 28. fxg7 {[%emt 0:01:24]} Re8 {[%emt 0:00:24]} 29. cxd4 {[%emt 0:03:28]} Bxg2 {[%emt 0:00:36]} 30. Kxg2 {[%emt 0:00:09]} cxd4 {[%emt 0:11:03]} 31. Rb1 {[%emt 0:01:57]} Qc6+ {[%emt 0:01:42]} 32. Kg1 {[%emt 0:02:02]} Ne5 {[%emt 0:01:50]} 33. Bf6 {[%emt 0:01:02]} d3 {[%emt 0:02:12]} 34. Bxe5 {[%emt 0:01:21]} Qc5+ {[%emt 0:00:02]} 35. Rf2 {[%emt 0:00:29]} Qxe5 {[%emt 0:00:10]} 36. Qxd3 {[%emt 0:00:06]} Rc7 {[%emt 0:01:55]} 37. Rb5 {[%emt 0:01:04]} Qe1+ {[%emt 0:01:03]} 38. Rf1 {[%emt 0:00:33]} Qe3+ {[%emt 0:00:24]} 39. Qxe3 {[%emt 0:00:09]} Rxe3 {[%emt 0:00:03]} 40. Rg5 {[%emt 0:00:42]} f6 {[%emt 0:00:45]} 41. Rxf6 {[%emt 0:00:20]} Rxg7 {[%emt 0:00:06]} 42. Kg2 {[%emt 0:00:44]} Rxg5 {[%emt 0:00:13]} 43. hxg5 {[%emt 0:00:05]} Re4 {[%emt 0:01:39]} 44. Rf4 {[%emt 0:00:18]} Re5 {[%emt 0:00:03]} 45. Rg4 {[%emt 0:00:14]} Kg7 {[%emt 0:00:11]} 46. Kh3 {[%emt 0:00:21]} h5 {[%emt 0:02:17]} 47. gxh6+ {[%emt 0:00:09]} Kxh6 {[%emt 0:00:04]} 48. Rc4 {[%emt 0:01:00]} Kg5 {[%emt 0:00:50]} 49. Rc8 {[%emt 0:00:22]} Rd5 {[%emt 0:00:50]} 50. Rg8+ {[%emt 0:00:52]} Kh6 {[%emt 0:01:19]} 51. Kh4 {[%emt 0:00:29]} Rd4+ {[%emt 0:00:11]} 52. Rg4 {[%emt 0:00:05]} Rd5 {[%emt 0:00:06]} 53. Rc4 {[%emt 0:00:15]} Re5 {[%emt 0:00:55]} 54. g4 {[%emt 0:00:55]} Kg6 {[%emt 0:00:54]} 55. Rc6+ {[%emt 0:00:18]} Kg7 {[%emt 0:00:23]} 56. Ra6 {[%emt 0:00:10]} Kf8 {[%emt 0:02:17]} 57. Rf6+ {[%emt 0:00:25]} Kg7 {[%emt 0:00:09]} 58. Rf4 {[%emt 0:01:24]} Kg6 {[%emt 0:00:35]} 59. Rc4 {[%emt 0:00:10]} Rd5 {[%emt 0:02:53]} 60. Re4 {[%emt 0:01:36]} Rc5 {[%emt 0:00:16]} 61. Rd4 {[%emt 0:00:27]} Re5 {[%emt 0:00:09]} 62. g5 {[%emt 0:01:04]} Re1 {[%emt 0:00:29]} 63. Rd6+ {[%emt 0:00:24]} Kg7 {[%emt 0:00:37]} 64. Kh5 {[%emt 0:00:26]} Rh1+ {[%emt 0:00:49]} 65. Kg4 {[%emt 0:00:02]} Rg1+ {[%emt 0:00:38]} 66. Kh5 {[%emt 0:00:04]} Rh1+ {[%emt 0:00:05]} 67. Kg4 {[%emt 0:00:02]} Rg1+ {[%emt 0:00:02]} 68. Kf5 {[%emt 0:00:06]} Rf1+ {[%emt 0:00:18]} 69. Ke4 {[%emt 0:00:54]} Ra1 {[%emt 0:00:33]} 70. Rd5 {[%emt 0:00:57]} Rxa4+ {[%emt 0:00:29]} 71. Kf5 {[%emt 0:00:05]} Ra1 {[%emt 0:00:23]} 72. Rd7+ {[%emt 0:00:07]} Kf8 {[%emt 0:00:40]} 73. Ra7 {[%emt 0:01:52]} a4 {[%emt 0:01:05]} 74. Kf6 {[%emt 0:00:14]} Rf1+ {[%emt 0:00:07]} 75. Kg6 {[%emt 0:00:04]} Ra1 {[%emt 0:01:10]} 76. Kf6 {[%emt 0:01:14]} Rf1+ {[%emt 0:00:04]} 77. Kg6 {[%emt 0:00:03]} Ra1 {[%emt 0:00:02]} 78. Ra8+ {[%emt 0:01:17]} Ke7 {[%emt 0:00:03]} 79. Kh7 {[%emt 0:00:31]} a3 {[%emt 0:00:49]} 80. g6 {[%emt 0:00:03]} Rh1+ {[%emt 0:00:03]} 81. Kg8 {[%emt 0:00:22]} Ra1 {[%emt 0:00:55]} 82. Ra7+ {[%emt 0:00:21]} Ke6 {[%emt 0:00:46]} 83. g7 {[%emt 0:00:22]} a2 {[%emt 0:00:26]} 84. Kf8 {[%emt 0:01:28]} Rf1+ {[%emt 0:00:05]} 85. Ke8 {[%emt 0:00:05]} Rg1 {[%emt 0:00:24]} 86. Ra6+ {[%emt 0:00:12]} Ke5 {[%emt 0:00:44]} 87. Ra5+ {[%emt 0:01:02]} Ke6 {[%emt 0:00:11]} 88. Ra6+ {[%emt 0:00:44]} Ke5 {[%emt 0:00:04]} 89. Ra5+ {[%emt 0:00:43]} Ke6 {[%emt 0:00:04]} 90. Ra6+ {[%emt 0:00:15]} Ke5 {[%emt 0:00:03]} 91. Ra5+ {[%emt 0:00:59]} Ke6 {[%emt 0:00:10]} 1/2-1/2

[Event "Moscow-ch Women 2021"]
[Site "Moscow"]
[Date "2021.03.25"]
[Round "1.4"]
[White "Korovina, Yana"]
[Black "Diakonova, Ekaterina"]
[Result "0-1"]
[WhiteElo "1531"]
[BlackElo "2156"]
[Annotator "TA"]
[PlyCount "112"]
[EventDate "2021.03.25"]
[EventType "swiss"]
[EventCountry "RUS"]
[SourceTitle "playchess.com"]
[Source "ChessBase"]
[SourceQuality "1"]

{[%evp 14,112,0,0,6,0,0,-10,-10,-50,-27,-21,-32,-50,-37,-109,-109,-110,-73,-85,-58,-98,-88,-133,-123,-164,-149,-162,-160,-151,-165,-157,-152,-161,-165,-184,-188,-200,-146,-147,-141,-206,-144,-145,-138,-163,-159,-166,-166,-168,-169,-184,-188,-189,-187,-188,-183,-204,-188,-194,-187,-211,-216,-242,-227,-239,-225,-413,-413,-413,-398,-517,-520,-521,-520,-518,-504,-468,-461,-612,-581,-679,-668,-743,-648,-731,-645,-1355,-1341,-1425,-1387,-1289,-1272,-1141,-1114,-1372,-1245,-1123,-1103,-29982,-29983]} 1. e4 c6 2. d4 d5 3. exd5 cxd5 4. c4 Nf6 5. Nf3 Nc6 6. Nc3 Bg4 7. Be3 e6 8. c5 Be7 {B13: Caro-Kann: Exchange Variation and Panov-Botvinnik Attack.} 9. Be2 O-O 10. O-O Ne4 {The position is equal.} 11. Rb1 {[#]} Nxc3 $146 ({Predecessor:} 11... b6 12. Qa4 Nxc3 13. bxc3 Qc7 14. Bb5 Na5 15. Ne5 Bf5 16. Bd3 Bxd3 17. Nxd3 Nc4 {0-1 (33) Sanguinetti,G (1900)-O'Connor,D (2094) San Francisco 2016}) 12. bxc3 b6 13. cxb6 axb6 14. Qb3 (14. c4 $15) 14... Bf5 $17 15. Ra1 Ra3 16. Qb2 Qd6 17. Qd2 Rfa8 18. Bb5 Qc7 19. h3 Na5 20. Bf4 Qxc3 21. Qxc3 Rxc3 22. Rfc1 Rac8 23. Rxc3 Rxc3 24. Bd2 Rc2 25. Rc1 f6 ({Wrong is} 25... Rxa2 $2 26. Rc8+ Bf8 27. Bb4 $18) 26. Rxc2 Bxc2 27. Bf4 (27. Ne1 $17 Bb1 28. a4) 27... Bd8 28. Nd2 Kf7 29. Bd6 Nb7 30. Bb8 Ke7 31. Kf1 Nd6 32. Ba6 Kd7 33. Bxd6 Kxd6 $19 {[%mdl 4096] Endgame KBB-KBN} 34. Bb5 e5 35. Nf3 Ke6 36. Ke2 Be7 37. g4 Ba3 38. dxe5 fxe5 39. Nd2 Kd6 40. Bd3 $2 {[#]} (40. f3) 40... Bxd3+ 41. Kxd3 {KB-KN} e4+ 42. Ke2 Ke5 43. f3 {intending fxe4.} Kf4 44. fxe4 dxe4 45. Nc4 Bc5 46. Nd2 b5 47. g5 Be7 48. h4 Bc5 49. Nb3 Bb6 50. Nd2 g6 51. Nf1 Kg4 52. Nd2 e3 53. Nf3 Bc5 54. a3 Kf4 55. Nh2 Bxa3 56. Nf1 Bc5 {Weighted Error Value: White=0.57/Black=0.10} 0-1

[Event "Moscow-ch Women 2021"]
[Site "Moscow"]
[Date "2021.03.25"]
[Round "1.5"]
[White "Zherebtsova, Alexandra"]
[Black "Kuznetsova, Veronika"]
[Result "1-0"]
[WhiteElo "2177"]
[BlackElo "1343"]
[Annotator "TA"]
[PlyCount "85"]
[EventDate "2021.03.25"]
[EventType "swiss"]
[EventCountry "RUS"]
[SourceTitle "playchess.com"]
[Source "ChessBase"]
[SourceQuality "1"]

{[%evp 19,85,25,37,40,59,57,59,58,53,36,35,38,54,42,75,69,96,95,178,181,221,226,205,194,225,220,213,225,210,215,192,191,287,272,279,258,300,270,288,302,317,299,344,350,435,413,488,465,629,637,716,677,641,511,523,526,698,566,1215,819,1390,1457,1937,1871,29988,29989,29988,29989]} 1. d4 d5 2. c4 e6 3. Nc3 Nf6 4. Bg5 Be7 5. cxd5 exd5 6. e3 O-O 7. Bd3 c6 8. Qc2 h6 9. Bh4 Be6 10. Nge2 Nbd7 11. Nf4 {D36: Queen's Gambit Declined: Exchange Variation: Main line (5 Bg5 c6 6 Qc2).} Re8 12. Nxe6 fxe6 13. Bg6 {White is slightly better.} Rf8 14. Bg3 {[#]} Nb6 $146 ({Predecessor:} 14... Qb6 15. O-O Rfd8 16. a3 c5 17. Na4 Qc6 18. Nxc5 Nxc5 19. dxc5 Qxc5 20. Qxc5 Bxc5 {1-0 (56) Jovanovski,T (1221)-Alimema,A Ohrid 2019}) 15. O-O Bd6 16. f4 Nc4 17. Qe2 {White leaves nothing to chance now.} Be7 18. e4 Nb6 {[#]} (18... c5 $16) 19. e5 $1 $18 {[%cal Re5f6]} Ne8 20. Bc2 Nc7 21. Be1 {And now Qd3 would win.} Qe8 22. Qd3 $40 {[%mdl 128] White wants to mate with Qh7+. Black is in trouble.} g6 23. Qxg6+ Qxg6 24. Bxg6 Kg7 25. Bd3 Rf7 (25... Nc4 {was called for.} 26. Rb1 Ne3) 26. b3 Raf8 27. g3 Kh8 28. Bf2 h5 29. Be3 h4 30. g4 Rg8 31. h3 Ne8 32. Kh2 Nd7 33. f5 Nc7 34. f6 Bb4 35. Ne2 {[%cal Bc3e2,Be2f4,Bf4g6,Bg6e7][%mdl 32]} c5 36. Rac1 cxd4 37. Bxd4 ({Not} 37. Rxc7 dxe3 38. Rf4 (38. Rxb7 Nxe5 39. Rxf7 Nxf7 $14) 38... Be1 $16) 37... Ba5 38. Nf4 {[#] b4 is the strong threat.} Rg5 39. Ng6+ Kg8 40. b4 Bb6 41. Bxb6 Nxb6 42. Ne7+ Kh8 43. Rxc7 {Weighted Error Value: White=0.16/Black=0.58} 1-0

[Event "Moscow-ch Women 2021"]
[Site "Moscow"]
[Date "2021.03.25"]
[Round "1.6"]
[White "Shevtsova, Stefania"]
[Black "Kanevskaya, Anna"]
[Result "0-1"]
[WhiteElo "1654"]
[BlackElo "2130"]
[Annotator "TA"]
[PlyCount "52"]
[EventDate "2021.03.25"]
[EventType "swiss"]
[EventCountry "RUS"]
[SourceTitle "playchess.com"]
[Source "ChessBase"]
[SourceQuality "1"]

{[%evp 19,51,0,8,-20,-18,-31,-27,-107,-56,-93,-80,-114,-114,-128,-125,-123,-120,-299,-298,-531,-509,-981,-741,-959,-727,-29991,-1315,-29992,-2682,-29997,-29998,-29998,-29999,-29999]} 1. e4 e5 2. Nf3 Nc6 3. Bb5 a6 4. Ba4 Nf6 5. O-O b5 6. Bb3 Be7 7. Re1 O-O 8. c3 d5 9. exd5 Nxd5 10. h3 Bb7 11. d4 {C88: Closed Ruy Lopez: Anti-Marshall Systems.} exd4 12. Nxd4 Nxd4 13. Qxd4 (13. cxd4 $11 c5 14. Nc3) 13... Bf6 (13... c5 $17 14. Qd2 c4) 14. Qd3 {[#]} Re8 $1 {[%cal Re8e1]} 15. Rd1 {[%cal Rb3d5] [#]} Qe7 $146 ({Predecessor:} 15... Nxc3 16. Nxc3 Re1+ 17. Kh2 Be5+ 18. f4 Qxd3 19. Rxd3 Rxc1 20. Rxc1 Bxf4+ 21. Kg1 Bxc1 {0-1 (35) Doberitz,P (2220)-Kirchner,T (2303) Germany 2010}) 16. Bxd5 Bxd5 17. Be3 {[#]} ({Don't blunder} 17. Qxd5 $2 Rad8 $19) 17... Rad8 $36 {[%cal Ba8d8,Bd8d5,Bd5g5][%mdl 2080] Hoping for ...Bxg2! White is under strong pressure.} 18. Qc2 $2 (18. Qf5 $17 Be4 19. Qh5) 18... Bg5 $19 19. Rxd5 $2 (19. Na3) 19... Rxd5 20. Bxg5 (20. c4 $142 Re5 21. Nc3) 20... Qe1+ 21. Kh2 Rxg5 22. b3 h6 (22... Qf1 $142 23. g4 Re1 24. Kg3 Qg1+ 25. Kf3 Qh2 26. Qd1 Rxd1 27. Ke2 Rgd5 28. c4 Qxh3 29. f3 Qh2+ 30. Ke3 Re5#) 23. a4 Re2 (23... Qf1 $142 24. g4 Re1 25. Kg3 Qg1+ 26. Kf3 Qh2 27. Qf5 Rxf5+ 28. gxf5 Qxh3+ 29. Kf4 h5 30. axb5 Qg4#) 24. Qd3 {[#]} Rxg2+ $1 {[%mdl 512] Black mates.} 25. Kxg2 Qxf2+ 26. Kh1 Qg2# {White got outplayed after the opening.  Weighted Error Value: White=1.83/Black=0.84} 0-1

[Event "Moscow-ch Women 2021"]
[Site "Moscow"]
[Date "2021.03.25"]
[Round "1.7"]
[White "Gorovenko, Darya"]
[Black "Lyutsinger, Iren"]
[Result "1-0"]
[WhiteElo "2106"]
[BlackElo "1464"]
[Annotator "TA"]
[PlyCount "45"]
[EventDate "2021.03.25"]
[EventType "swiss"]
[EventCountry "RUS"]
[SourceTitle "playchess.com"]
[Source "ChessBase"]
[SourceQuality "1"]

{[%evp 13,45,22,52,51,80,48,54,42,61,-29,-27,-9,14,0,37,45,225,222,221,231,240,231,219,222,256,252,516,502,471,433,377,351,746,737]} 1. d4 Nf6 2. Nf3 g6 3. g3 Bg7 4. Bg2 O-O 5. O-O d6 6. c4 c5 7. d5 b5 8. cxb5 {E60: King's Indian: Unusual lines and Fianchetto Variation without Nc3.} Qa5 9. Nc3 a6 10. bxa6 {White is slightly better.} Nbd7 11. e4 (11. Bd2 $14) 11... Bxa6 $11 12. Re1 Rfb8 13. h3 Nb6 14. e5 {[#]} dxe5 $146 {This costs Black the game.} ({Black should try} 14... Ne8 $1 $14) ({Predecessor:} 14... Ne8 15. Qc2 Nc4 16. exd6 exd6 17. Rb1 Na3 18. bxa3 Qxc3 19. Rxb8 Rxb8 20. Qxc3 Bxc3 {1-0 (59) Cselenyi,B (2190)-Czina,P (1816) Hajduszoboszlo 2014}) 15. Nxe5 $18 {Threatens to win with Nc6.} Bb7 16. Nc6 Bxc6 17. dxc6 Rd8 18. Qe2 Rac8 19. Bd2 ({Wrong is} 19. Qxe7 $2 Re8 $19) 19... Kh8 $2 {[#]} (19... e6 20. Rad1 Ne8) 20. Nd5 $1 {[%mdl 512]} Qa7 21. Qxe7 Qxe7 22. Nxe7 Ra8 {[#]} (22... Rxd2 23. Nxc8 Nxc8) 23. c7 $1 {[%mdl 64] Discovered Attack.  Weighted Error Value: White=0.23/Black=0.56} 1-0